Yunus Emre / (Record no. 200428514)
[ view plain ]
| 000 -LEADER | |
|---|---|
| fixed length control field | 01009cam a2200325 i 4500 |
| 001 - CONTROL NUMBER | |
| control field | 200428514 |
| 003 - CONTROL NUMBER IDENTIFIER | |
| control field | TR-AnTOB |
| 005 - DATE AND TIME OF LATEST TRANSACTION | |
| control field | 20241230104323.0 |
| 007 - PHYSICAL DESCRIPTION FIXED FIELD--GENERAL INFORMATION | |
| fixed length control field | ta |
| 008 - FIXED-LENGTH DATA ELEMENTS--GENERAL INFORMATION | |
| fixed length control field | 180119e20171965tu 000 0 tur u |
| 020 ## - INTERNATIONAL STANDARD BOOK NUMBER | |
| International Standard Book Number | 9789123505005 |
| 040 ## - CATALOGING SOURCE | |
| Original cataloging agency | TR-AnTOB |
| Language of cataloging | eng |
| Description conventions | rda |
| Transcribing agency | TR-AnTOB |
| Modifying agency | TR-AnTOB |
| 041 0# - LANGUAGE CODE | |
| Language code of text/sound track or separate title | Türkçe |
| 050 14 - LIBRARY OF CONGRESS CALL NUMBER | |
| Classification number | PL248.K265 |
| 090 ## - LOCALLY ASSIGNED LC-TYPE CALL NUMBER (OCLC); LOCAL CALL NUMBER (RLIN) | |
| Classification number (OCLC) (R) ; Classification number, CALL (RLIN) (NR) | PL248.K265 |
| Local cutter number (OCLC) ; Book number/undivided call number, CALL (RLIN) | Y86 2017 |
| 100 1# - MAIN ENTRY--PERSONAL NAME | |
| Personal name | Karakoç, Sezai, |
| Dates associated with a name | 1933-2021 |
| Relator term | author |
| 9 (RLIN) | 49121 |
| 245 10 - TITLE STATEMENT | |
| Title | Yunus Emre / |
| Remainder of title | Sezai Karakoç. |
| 250 ## - EDITION STATEMENT | |
| Edition statement | 20. Baskı |
| Remainder of edition statement | Mayıs 2017 |
| 264 #1 - PRODUCTION, PUBLICATION, DISTRIBUTION, MANUFACTURE, AND COPYRIGHT NOTICE | |
| Place of production, publication, distribution, manufacture | İstanbul : |
| Name of producer, publisher, distributor, manufacturer | Diriliş yayınları, |
| Date of production, publication, distribution, manufacture, or copyright notice | 2017. |
| 300 ## - PHYSICAL DESCRIPTION | |
| Extent | 103 pages : |
| Dimensions | 20 cm |
| 336 ## - CONTENT TYPE | |
| Content type term | text |
| Source | rdacontent |
| Content type code | txt |
| 337 ## - MEDIA TYPE | |
| Media type term | unmediated |
| Source | rdamedia |
| Media type code | n |
| 338 ## - CARRIER TYPE | |
| Carrier type term | volume |
| Source | rdacarrier |
| Carrier type code | nc |
| 490 0# - SERIES STATEMENT | |
| Series statement | Diriliş Yayınları ; |
| Volume/sequential designation | 5 |
| 600 00 - SUBJECT ADDED ENTRY--PERSONAL NAME | |
| Personal name | Yunus Emre, |
| Dates associated with a name | -1320? |
| 9 (RLIN) | 44534 |
| 650 #0 - SUBJECT ADDED ENTRY--TOPICAL TERM | |
| Topical term or geographic name entry element | Türk şiiri |
| General subdivision | Tarih ve eleştiri |
| 9 (RLIN) | 75586 |
| Topical term or geographic name entry element | Turkish poetry |
| General subdivision | History and criticism |
| 9 (RLIN) | 16952 |
| 942 ## - ADDED ENTRY ELEMENTS (KOHA) | |
| Source of classification or shelving scheme | Library of Congress Classification |
| Koha item type | Book |
| Withdrawn status | Lost status | Source of classification or shelving scheme | Damaged status | Not for loan | Collection code | Home library | Current library | Shelving location | Date acquired | Source of acquisition | Cost, normal purchase price | Inventory number | Total Checkouts | Full call number | Barcode | Date last seen | Date last checked out | Copy number | Date shelved | Koha item type |
|---|---|---|---|---|---|---|---|---|---|---|---|---|---|---|---|---|---|---|---|---|
| Library of Congress Classification | Yeni / New | Ödünç Verilebilir / Available | Genel Koleksiyon | Merkez Kütüphane | Merkez Kütüphane | Genel Koleksiyon / Main Collection | 11/01/2018 | Satın Alma / Purchase | 7.94 | TDE | 2 | PL248.K265 Y86 2017 | 0055917 | 14/12/2019 | 03/12/2019 | 1 | 19/01/2018 | Book |
